| 000 | 00372nam a22001697a 4500 | ||
|---|---|---|---|
| 999 |
_c11277 _d11277 |
||
| 003 | OSt | ||
| 008 | 220608b ||||| |||| 00| 0 eng d | ||
| 020 | _a9789332582699 | ||
| 082 | _a005.1 SOS | ||
| 100 | _aSOMMERVILLE, Ian | ||
| 245 | _aSoftware Engineering | ||
| 250 | _a10th | ||
| 260 |
_aNoida _bPearson _c2022 |
||
| 300 | _a808 | ||
| 650 | _aCSE | ||
| 942 |
_2ddc _cBK |
||